|
|
|
|
| LEADER |
02840nam a2200685 a 4500 |
| 001 |
nkc20112165815 |
| 003 |
CZ PrNK |
| 005 |
20220530103750.0 |
| 007 |
ta |
| 008 |
110602s2010 xr a f 001 0 cze |
| 015 |
|
|
|a cnb002165815
|
| 020 |
|
|
|a 978-80-904138-2-5
|q (Studio atd. ;
|q brož.)
|
| 035 |
|
|
|a (OCoLC)741402063
|
| 040 |
|
|
|a ABA001
|b cze
|d OLA001
|
| 041 |
0 |
|
|a cze
|b eng
|
| 043 |
|
|
|a e-xr---
|
| 045 |
|
|
|a y0y0
|
| 072 |
|
7 |
|a 316.7
|x Sociologie kultury. Kulturní život
|2 Konspekt
|9 1
|
| 080 |
|
|
|a 316.752
|2 MRF
|
| 080 |
|
|
|a 316.728
|2 MRF
|
| 080 |
|
|
|a 316.754
|2 MRF
|
| 080 |
|
|
|a 173.5/.7
|2 MRF
|
| 080 |
|
|
|a 316.4.051.63
|2 MRF
|
| 080 |
|
|
|a (437.3)
|2 MRF
|
| 080 |
|
|
|a (047.31)
|2 MRF
|
| 080 |
|
|
|a (048.8:082)
|2 MRF
|
| 245 |
0 |
0 |
|a Hodnotová a sociální reprodukce v rodině: první výsledky výzkumu dvou generací /
|c Michaela Šmídová, Martin Vávra (eds.)
|
| 250 |
|
|
|a 1. vyd.
|
| 260 |
|
|
|a Praha :
|b CESES FSV UK,
|c 2010
|
| 300 |
|
|
|a 101 s. :
|b il. ;
|c 30 cm
|
| 490 |
1 |
|
|a Studie CESES. Analytik ;
|v 1/2010
|
| 500 |
|
|
|a Vydáno v nakl. Studio atd., Kyjov
|
| 504 |
|
|
|a Obsahuje bibliografii, bibliografické odkazy a rejstřík
|
| 546 |
|
|
|a Anglické resumé
|
| 648 |
|
7 |
|a 2008
|7 ch967365
|2 czenas
|
| 648 |
|
7 |
|a 21. století
|7 ch460559
|2 czenas
|
| 650 |
0 |
7 |
|a hodnotová orientace
|7 ph117202
|z Česko
|y 21. století
|2 czenas
|
| 650 |
0 |
7 |
|a životní styl
|7 ph136586
|z Česko
|y 21. století
|2 czenas
|
| 650 |
0 |
7 |
|a sociální normy
|7 ph203869
|z Česko
|y 21. století
|2 czenas
|
| 650 |
0 |
7 |
|a rodiče a děti
|7 ph116053
|z Česko
|y 21. století
|2 czenas
|
| 650 |
0 |
7 |
|a mezigenerační vztahy
|7 ph202180
|z Česko
|y 21. století
|2 czenas
|
| 650 |
0 |
9 |
|a value orientation
|z Czechia
|y 21st century
|2 eczenas
|
| 650 |
0 |
9 |
|a life style
|z Czechia
|y 21st century
|2 eczenas
|
| 650 |
0 |
9 |
|a social norms
|z Czechia
|y 21st century
|2 eczenas
|
| 650 |
0 |
9 |
|a parents and children
|z Czechia
|y 21st century
|2 eczenas
|
| 650 |
0 |
9 |
|a intergenerational relations
|z Czechia
|y 21st century
|2 eczenas
|
| 655 |
|
7 |
|a výzkumné zprávy
|7 fd131869
|2 czenas
|
| 655 |
|
7 |
|a kolektivní monografie
|7 fd501537
|2 czenas
|
| 655 |
|
9 |
|a research reports
|2 eczenas
|
| 655 |
|
9 |
|a collective monographs
|2 eczenas
|
| 700 |
1 |
|
|a Šmídová, Michaela,
|d 1975-
|7 mzk2008473165
|4 edt
|
| 700 |
1 |
|
|a Vávra, Martin,
|d 1979-
|7 jx20090514013
|4 edt
|
| 710 |
2 |
|
|a Univerzita Karlova.
|b Centrum pro sociální a ekonomické strategie
|7 kn20010724886
|
| 810 |
2 |
|
|a Univerzita Karlova.
|b Centrum pro sociální a ekonomické strategie.
|t Studie.
|p Analytik
|0 s
|
| 856 |
4 |
1 |
|u http://www.digitalniknihovna.cz/mzk/uuid/uuid:69940c80-cdbe-11e7-9c14-005056827e51
|y Digitalizovaný dokument
|x NDK
|
| 910 |
2 |
|
|a BOA001
|b 4-1488.232
|
| 928 |
9 |
|
|a Studio atd.
|
| 990 |
|
|
|a BK
|
| 995 |
|
|
|a 01
|
| 996 |
6 |
|
|b 2610906048
|c 4-1488.232
|l MZK
|r Sklad / do 1 hodiny
|n 0
|p dar
|w 001889834
|u 000010
|a 1
|e BOA001
|j MZK50
|s P
|